Vademekum antibiotické terapie

Bibliographic Details
Main Author: Hejzlar, Miroslav, 1928-2000 (Author)
Format: Book
Language:Undetermined
Published: Praha Avicenum 1985

MARC

LEADER 00000nam a2200000 a 4500
001 vtls001298872
003 SK-MaSNL
005 20260302032823.0
008 240318s1985 xx 0 und
035 |a SNK000250823 
040 |a SNK  |b slo  |c SNK  |e AACR2 
100 1 |a Hejzlar, Miroslav,  |d 1928-2000  |4 aut  |9 237963 
245 1 0 |a Vademekum antibiotické terapie 
260 |a Praha  |b Avicenum  |c 1985 
300 |a 364 s. 
958 |a OND 
999 |c 1058721  |d 1060651 
952 |t P60, <04>, [BOOK], {604}  |a SNK  |b SNK  |y VYP  |7 0  |p 17A0081622  |o snkIC 100321 D1  |0 0  |1 1  |4 0  |d 1997-08-12  |l 0  |r 2005-01-02 00:00:00  |w 2026-02-24 
952 |a SNK  |b SNK  |y VYP  |7 0  |p 17A0588189  |o snkIC 100321   |i snkKIP 12957/85  |3 rekatalogizácia  |0 0  |1 0  |4 0  |d 2008-06-25  |l 0  |r 2026-02-24 15:19:13  |w 2026-02-24